000 00536nam a2200181Ia 4500
003 GCL
008 140319s9999 xx 000 0 eng d
040 _aGCL /
_cGCL
082 0 4 _a938
_bD A
100 1 _aDILLON, MATTHEW
245 1 0 _aANCIENT GREECE: SOCIAL AND HISTORICAL DOCUMENTS FROM ARCHAIC TIMES TO THE DEATH OF SOCRATES ( C 800 - 399 BC ) /
_cDILLON, MATTHEW
700 1 _aGARLAND, LYNDA
260 _a[S.N] :
_bROUTLEDGE ،
_c1994
300 _a472 P
650 0 4 _aHISTORY
650 0 4 _aGREECE - HISTORY
942 _2ddc
_cBK
999 _c13697
_d13697